000 02210cam a2200409 a 4500
001 atowlwomansaloon00gall
003 CaSfIA
005 20210117190022.0
007 cr||||
008 970122s1997 nyu 000 1 eng
010 _a 97001399
040 _aDLC
_cDLC
_dC#P
_dCPP
_dFIT
_dNLGGC
_dYDXCP
_dBTCTA
_dXFG
_dCaSfIA
020 _a0684826933
020 _a9780684826936
035 _a(OCoLC)36301369
050 0 0 _aPS3557.A41156
_bA92 1997
082 0 0 _a813/.54
_221
084 _a18.06
_2bcl
100 1 _aGallagher, Tess.
245 1 0 _aAt the Owl Woman Saloon /
_h[electronic resource]
_cTess Gallagher.
260 _aNew York :
_bScribner,
_cc1997.
300 _a234 p. ;
_c21 cm.
505 0 _aThe red ensign -- I got a guy once -- Venison pie -- To dream of bears -- The leper -- Creatures -- She who is untouched by fire -- A box of rocks -- Coming and going -- My gun -- Mr. Woodriff's neckties -- Rain flooding your campfire -- The mother thief -- A glimpse of the Buddha -- The poetry baron -- The woman who prayed.
520 _aSixteen stories, mostly set on the West Coast. In My Gun, a woman meditates on the pros and cons of a gun for her protection, in The Leper a woman on the telephone attempts to dissuade a friend from suicide, and Mr. Woodruff's Neckties is on the last days of a man dying from cancer.
530 _aAlso issued online.
650 0 _aShort stories.
856 4 1 _uhttp://www.archive.org/details/atowlwomansaloon00gall
_zFree eBook from the Internet Archive
856 4 2 _uhttp://www.openlibrary.org/books/OL656321M
_zAdditional information and access via Open Library
029 1 _aNLGGC
_b156094630
029 1 _aYDXCP
_b1350352
029 1 _aNZ1
_b3350484
029 1 _aAU@
_b000013038023
999 _c470720
_d470720
942 _cEB
506 _fНеобхідна авторизація на https://archive.org/ (створення облікового запису безкоштовно)
506 _fНеобхідна авторизація на https://openlibrary.org/ (створення облікового запису безкоштовно)